000 01593nam a2200373Ia 4500
001 ebr10630707
003 CaPaEBR
006 m u
007 cr cn|||||||||
008 120816s2012 vaua sb 001 0 eng d
010 _z 2012028749
020 _z9781416614722 (pbk. : alk. paper)
020 _z9781416615309
040 _aCaPaEBR
_cCaPaEBR
035 _a(OCoLC)820123168
043 _an-us---
050 1 4 _aLB3047
_b.L46 2012eb
100 1 _aLent, ReLeah Cossett.
245 1 0 _aOvercoming textbook fatigue
_h[electronic resource] :
_b21st century tools to revitalize teaching and learning /
_cReLeah Cossett Lent ; foreword by Jay McTighe.
260 _aAlexandria, Va. :
_bASCD,
_cc2012.
300 _axi, 202 p. :
_bill.
504 _aIncludes bibliographical references (p. 188-195) and index.
533 _aElectronic reproduction.
_bPalo Alto, Calif. :
_cebrary,
_d2011.
_nAvailable via World Wide Web.
_nAccess may be limited to ebrary affiliated libraries.
650 0 _aTextbooks
_zUnited States.
650 0 _aEducational change
_zUnited States.
650 0 _aActive learning
_zUnited States.
650 0 _aMotivation in education
_zUnited States.
650 0 _aLanguage arts
_xCorrelation with content subjects
_zUnited States.
650 0 _aContent area reading
_zUnited States.
655 7 _aElectronic books.
_2local
710 2 _aebrary, Inc.
710 2 _aAssociation for Supervision and Curriculum Development.
856 4 0 _uhttp://site.ebrary.com/lib/rucke/Doc?id=10630707
_zAn electronic book accessible through the World Wide Web; click to view
999 _c52863
_d52863